[Event "XV C.to Mondiale seniores"]
[Site "Lignano Sabbiadoro ITA"]
[Date "2005.09.30"]
[Round "3"]
[White "Malmdin, Nils Ake"]
[Black "Hecht, Hans-Joachim"]
[Result "0-1"]
[WhiteElo "2222"]
[BlackElo "2388"]
[PlyCount "78"]
[EventDate "2005.09.28"]

1. e4 e6 2. d3 d5 3. Nd2 Nf6 4. Ngf3 Nc6 5. c3 Be7 6. e5 Nd7 7. d4 f6 8. Bb5 a6
9. Ba4 fxe5 10. dxe5 b5 11. Bc2 Ncxe5 12. Nxe5 Nxe5 13. Qh5+ Nf7 14. Bxh7 Bf6
15. Nf3 Qd6 16. Qg6 Bb7 17. Be3 e5 18. h4 O-O-O 19. Qc2 e4 20. Bf5+ Kb8 21. Nd4
Ne5 22. b4 Nd3+ 23. Kd2 Bc8 24. a4 Bxd4 25. Bxd4 Bxf5 26. axb5 e3+ 27. Bxe3 d4
28. cxd4 Qxb4+ 29. Qc3 axb5 30. Rhc1 Qxc3+ 31. Rxc3 Nb2 32. g4 Be6 33. Rc5 Nc4+
34. Kd3 Nd6 35. Rg5 Rxh4 36. Rxg7 Rxg4 37. Re7 Bc4+ 38. Kc3 Re4 39. Rh7 Nf5 0-1

[Event "XV C.to Mondiale seniores"]
[Site "Lignano Sabbiadoro ITA"]
[Date "2005.09.30"]
[Round "3"]
[White "Masich, Vladimir"]
[Black "Arkhangelsky, Boris"]
[Result "0-1"]
[WhiteElo "2072"]
[BlackElo "2384"]
[PlyCount "148"]
[EventDate "2005.09.28"]

1. c4 e6 2. Nc3 d5 3. d4 c6 4. cxd5 exd5 5. Nf3 Bf5 6. Bf4 Qb6 7. Qc1 Nd7 8. e3
Ngf6 9. Be2 Be7 10. O-O Nh5 11. Bg5 Bxg5 12. Nxg5 Nhf6 13. Qd2 O-O 14. Bd3 Bxd3
15. Qxd3 Rfe8 16. Rac1 Re7 17. Na4 Qd8 18. Nc5 Nf8 19. Qf5 Ne8 20. Qd3 Qd6 21.
Rce1 Qf6 22. Nh3 Ng6 23. Qe2 Nd6 24. Nd3 Rae8 25. Qh5 Ne4 26. Rd1 Qd6 27. Nhf4
Nf6 28. Qh3 Nf8 29. Nh5 Ne4 30. Ng3 g6 31. Nxe4 dxe4 32. Nc5 Qd5 33. b3 f5 34.
Qh6 Rd8 35. f3 exf3 36. Rxf3 b6 37. Nd3 Rde8 38. Rdf1 Nd7 39. Nf4 Qf7 40. Nh3
Nf6 41. Nf2 Qg7 42. Qxg7+ Kxg7 43. Nd1 Nd5 44. Kf2 Re4 45. g3 b5 46. a3 a5 47.
a4 bxa4 48. bxa4 Rb8 49. Ke2 Rb3 50. Kd2 Ra3 51. h4 h5 52. Re1 Ra2+ 53. Kd3
Rxa4 54. Nf2 Re7 55. Nh3 Ra3+ 56. Kd2 Ra2+ 57. Kd3 Rb7 58. Rc1 Rb3+ 59. Kc4
Rxe3 60. Rxe3 Nxe3+ 61. Kb3 Rg2 62. Rxc6 Rxg3 63. Ng5 Ng2+ 64. Kc4 Nxh4 65.
Rc7+ Kf6 66. Nh7+ Ke6 67. d5+ Ke5 68. Rc6 Rg1 69. Re6+ Kf4 70. d6 Rc1+ 71. Kb5
Nf3 72. Rxg6 Rd1 73. Rh6 h4 74. Kxa5 Ke5 0-1

[Event "XV C.to Mondiale seniores"]
[Site "Lignano Sabbiadoro ITA"]
[Date "2005.09.30"]
[Round "3"]
[White "Ofstad, Per"]
[Black "Mayers, Dan E."]
[Result "1-0"]
[WhiteElo "2164"]
[BlackElo "2011"]
[PlyCount "45"]
[EventDate "2005.09.28"]

1. Nf3 Nf6 2. c4 c5 3. Nc3 d5 4. cxd5 Nxd5 5. g3 g6 6. Bg2 Bg7 7. O-O O-O 8.
Qb3 Nb6 9. d3 Nc6 10. Qb5 c4 11. dxc4 Be6 12. Rd1 Nd4 13. Nxd4 Bxc4 14. Qa5
Bxd4 15. Bh6 e5 16. e3 Bxc3 17. Qxc3 Qe7 18. Bxf8 Rxf8 19. b3 Bb5 20. Qa5 Ba6
21. Rac1 Rc8 22. Rxc8+ Nxc8 23. Qd8+ 1-0

[Event "XV C.to Mondiale seniores"]
[Site "Lignano Sabbiadoro ITA"]
[Date "2005.09.30"]
[Round "3"]
[White "Ollek, Karl Heinz"]
[Black "Cavatorta, Fosco"]
[Result "0-1"]
[WhiteElo "1807"]
[BlackElo "1985"]
[PlyCount "50"]
[EventDate "2005.09.28"]

1. Nf3 d6 2. d4 Bg4 3. e3 Nd7 4. Be2 e5 5. dxe5 dxe5 6. O-O Ngf6 7. Nbd2 e4 8.
Ng5 Bxe2 9. Qxe2 Qe7 10. b3 Qe5 11. Nxf7 Kxf7 12. Rb1 Bd6 13. g3 b5 14. Bb2 Qf5
15. Kg2 Rhe8 16. f3 exf3+ 17. Nxf3 Kg8 18. Rbd1 Qe4 19. Qxb5 Qxc2+ 20. Rd2 Qe4
21. Bd4 Qd5 22. Qd3 Ne5 23. Qc2 Nxf3 24. Rxf3 Ne4 25. Rd1 Ng5 0-1

[Event "XV C.to Mondiale seniores"]
[Site "Lignano Sabbiadoro ITA"]
[Date "2005.09.30"]
[Round "3"]
[White "Olsen, Willy L."]
[Black "Badiale, Riccardo"]
[Result "1-0"]
[WhiteElo "2036"]
[BlackElo "1729"]
[PlyCount "49"]
[EventDate "2005.09.28"]

1. d4 Nf6 2. c4 g6 3. Nc3 Bg7 4. e4 d6 5. Be2 O-O 6. f4 c5 7. d5 b6 8. Nf3 Bb7
9. O-O e6 10. e5 dxe5 11. fxe5 Ng4 12. Bg5 Qd7 13. Bf4 f6 14. Ng5 Nxe5 15. Nxe6
Re8 16. Bxe5 fxe5 17. Nxg7 Qxg7 18. Ne4 Rf8 19. Bg4 Bc8 20. Bxc8 Rxc8 21. Qg4
Na6 22. Qe6+ Kh8 23. Rf7 Re8 24. Qd7 Qh6 25. Nf6 1-0

[Event "XV C.to Mondiale seniores"]
[Site "Lignano Sabbiadoro ITA"]
[Date "2005.09.30"]
[Round "3"]
[White "Pagnutti, Lorenzo"]
[Black "Guaglianone, Mario"]
[Result "1/2-1/2"]
[WhiteElo "2014"]
[BlackElo "2155"]
[PlyCount "152"]
[EventDate "2005.09.28"]

1. e4 d6 2. d4 Nf6 3. Nc3 g6 4. f4 Bg7 5. Nf3 O-O 6. Bc4 c5 7. d5 b5 8. Bxb5
Qa5 9. e5 Ne4 10. Bd3 Nxc3 11. bxc3 Bg4 12. Bd2 dxe5 13. h3 Bxf3 14. Qxf3 Nd7
15. f5 e4 16. Bxe4 Ne5 17. Qe2 gxf5 18. Bxf5 e6 19. dxe6 fxe6 20. Be4 Rad8 21.
Rd1 Qxa2 22. Rf1 Rxf1+ 23. Kxf1 Qc4 24. Ke1 Qxe2+ 25. Kxe2 Nc4 26. Be1 Rxd1 27.
Kxd1 Nd6 28. Bc6 Nc4 29. Bf2 Bf8 30. Bb5 Nb6 31. Bg3 a5 32. Bc7 Nd5 33. Bxa5
Ne3+ 34. Ke2 Nxg2 35. Bc7 Kf7 36. Bc6 Nh4 37. Ke3 Nf5+ 38. Ke4 Bd6 39. Bd8 Ng3+
40. Kf3 Nf5 41. Ke4 h6 42. Bd7 Ng3+ 43. Kf3 Nf1 44. Bb5 Ng3 45. Bb6 Nh5 46. Bf1
Nf6 47. c4 Nd7 48. Bd8 Be7 49. Bc7 Bg5 50. Bd6 Be7 51. Bf4 Bf8 52. Be3 Nf6 53.
Bd3 Nd7 54. Be2 Kg6 55. Ke4 h5 56. Bd3 Bd6 57. Kf3+ Kf6 58. Be2 Ne5+ 59. Ke4 h4
60. Bf2 Ng6 61. Bh5 Be7 62. Be1 Kg5 63. Bg4 Nf4 64. Bxh4+ Kxh4 65. Kxf4 Bd6+
66. Ke4 Kg5 67. Bxe6 Kf6 68. Kd5 Bf8 69. h4 Kg6 70. Bg4 Kf6 71. Kc6 Ke5 72. Kd7
Kf6 73. Bf3 Bh6 74. Be4 Be3 75. Kd6 Bf2 76. h5 Kg5 1/2-1/2

[Event "XV C.to Mondiale seniores"]
[Site "Lignano Sabbiadoro ITA"]
[Date "2005.09.30"]
[Round "3"]
[White "Parla, Aldo"]
[Black "Smits, Oswald"]
[Result "0-1"]
[WhiteElo "1610"]
[BlackElo "1962"]
[PlyCount "50"]
[EventDate "2005.09.28"]

1. f4 Nf6 2. Nf3 e6 3. e3 c5 4. c4 Nc6 5. Be2 d5 6. d4 cxd4 7. exd4 dxc4 8.
Bxc4 Bb4+ 9. Bd2 Qb6 10. Qa4 Bd7 11. Bb5 Be7 12. O-O a6 13. Bxc6 Bxc6 14. Qc2
Bxf3 15. Rxf3 Qxd4+ 16. Be3 Qd7 17. Nc3 O-O 18. Rd1 Qc6 19. Rh3 Bc5 20. Bxc5
Qxc5+ 21. Kh1 Rad8 22. Rhd3 Rxd3 23. Qxd3 Qf2 24. Ne2 Nd5 25. Qe4 Ne3 0-1

[Event "XV C.to Mondiale seniores"]
[Site "Lignano Sabbiadoro ITA"]
[Date "2005.09.30"]
[Round "3"]
[White "Pipitone, Antonio"]
[Black "Titz, Heimo"]
[Result "0-1"]
[WhiteElo "2041"]
[BlackElo "2184"]
[PlyCount "86"]
[EventDate "2005.09.28"]

1. e4 c5 2. Nf3 Nc6 3. d4 cxd4 4. Nxd4 Nf6 5. Nc3 d6 6. Be2 e5 7. Nb3 Be7 8.
O-O O-O 9. f4 exf4 10. Bxf4 Be6 11. Kh1 Rc8 12. Nd4 Ne5 13. Nf5 Bxf5 14. exf5
Qb6 15. Rb1 Rfe8 16. h3 a6 17. Bg5 Qc6 18. Bxf6 Bxf6 19. Nd5 Qxc2 20. Nxf6+
gxf6 21. Qe1 Qc7 22. Qg3+ Kh8 23. Qh4 Qe7 24. Qh6 Nd7 25. Bf3 Rc7 26. Bd5 Qf8
27. Qh5 Ne5 28. Qh4 Qe7 29. Rfe1 b5 30. Re3 Rc5 31. Bb3 a5 32. Qh5 Rg8 33. Rd1
Rg5 34. Qh4 Rxf5 35. Qe4 Rg5 36. Qa8+ Rg8 37. Qxa5 f5 38. Qd2 f4 39. Ree1 f3
40. Qxd6 fxg2+ 41. Kg1 Nf3+ 42. Kf2 Qxd6 43. Rxd6 Nxe1 0-1

[Event "XV C.to Mondiale seniores"]
[Site "Lignano Sabbiadoro ITA"]
[Date "2005.09.30"]
[Round "3"]
[White "Recubini, Dante"]
[Black "Neudel, Bernd"]
[Result "0-1"]
[WhiteElo "1481"]
[BlackElo "1904"]
[PlyCount "138"]
[EventDate "2005.09.28"]

1. e4 c5 2. Nf3 Nc6 3. d4 cxd4 4. Nxd4 Nf6 5. Nc3 d6 6. Bb5 Bd7 7. O-O g6 8.
Bg5 Bg7 9. Qd2 O-O 10. Nxc6 bxc6 11. Bc4 Be6 12. Bxe6 fxe6 13. Bh6 e5 14. Bxg7
Kxg7 15. b3 Qa5 16. Rfe1 Rad8 17. Qd3 Qc7 18. Na4 e6 19. c4 d5 20. Qh3 Rde8 21.
Nc3 h5 22. Qg3 Ng4 23. f3 Qb6+ 24. Kf1 Ne3+ 25. Rxe3 Qxe3 26. Qxe5+ Kg8 27. Re1
Qd3+ 28. Kg1 dxc4 29. Rd1 Qe3+ 30. Kf1 cxb3 31. axb3 Qb6 32. Rd7 Rf7 33. Rxf7
Kxf7 34. Qf4+ Kg7 35. Qe5+ Kh7 36. Qf6 Qc7 37. h3 Qg7 38. Qxg7+ Kxg7 39. Nb1
Rb8 40. Nd2 Kf6 41. Ke2 Ke5 42. Ke3 g5 43. g3 Kd6 44. Kd3 Rf8 45. Kd4 Kc7 46.
Ke3 Kb6 47. e5 a5 48. Ke4 Kb5 49. Ke3 Kb4 50. Ke4 c5 51. Ke3 Rg8 52. g4 hxg4
53. hxg4 Rg7 54. Ke4 Rd7 55. Ke3 Rd4 56. Ke2 Kc3 57. Ne4+ Rxe4+ 58. fxe4 Kxb3
59. Kd2 Kb2 60. Kd3 a4 61. Kc4 a3 62. Kxc5 a2 63. Kd6 a1=Q 64. Kxe6 Kc3 65. Kf5
Qf1+ 66. Kxg5 Qf7 67. Kh4 Kd4 68. g5 Qh7+ 69. Kg4 Kxe4 0-1

[Event "XV C.to Mondiale seniores"]
[Site "Lignano Sabbiadoro ITA"]
[Date "2005.09.30"]
[Round "3"]
[White "Rosenfeld, Imre"]
[Black "Gestrich, Wolfgang"]
[Result "1-0"]
[WhiteElo "2047"]
[BlackElo "1767"]
[PlyCount "124"]
[EventDate "2005.09.28"]

1. d4 Nf6 2. Nf3 g6 3. Bg5 Bg7 4. Nbd2 d6 5. c3 Nbd7 6. e4 e5 7. dxe5 dxe5 8.
Be2 O-O 9. O-O b6 10. Qc2 Bb7 11. Rfe1 h6 12. Bh4 Re8 13. Bf1 g5 14. Bg3 Nh5
15. Nc4 Nxg3 16. hxg3 Qe7 17. Ne3 Qf8 18. Nf5 Nf6 19. Nd2 Bc8 20. Ne3 Be6 21.
Bc4 c6 22. Bxe6 Rxe6 23. Nf5 b5 24. Rad1 Ne8 25. Nf1 Nd6 26. Nxd6 Rxd6 27. Rxd6
Qxd6 28. Rd1 Qc7 29. Ne3 Rd8 30. Nf5 Rxd1+ 31. Qxd1 Bf8 32. Qd3 f6 33. g4 Kh7
34. Ng3 a5 35. c4 Qd6 36. Qxd6 Bxd6 37. b3 b4 38. Kf1 Kg6 39. Ke2 c5 40. Nf5
Bf8 41. Ne3 Bd6 42. Nd5 Kf7 43. Ke3 Bb8 44. g3 Bd6 45. Ke2 Bb8 46. Ne3 Bd6 47.
Nf5 Bf8 48. Ke3 Ke6 49. f4 exf4+ 50. gxf4 gxf4+ 51. Kxf4 Be7 52. Nxe7 Kxe7 53.
Kf5 Kf7 54. e5 fxe5 55. Kxe5 Kg6 56. Kd5 Kg5 57. Kxc5 Kxg4 58. Kb5 h5 59. c5 h4
60. c6 h3 61. c7 h2 62. c8=Q+ Kg5 1-0

[Event "XV C.to Mondiale seniores"]
[Site "Lignano Sabbiadoro ITA"]
[Date "2005.09.30"]
[Round "3"]
[White "Rosino, Antonio"]
[Black "Bondick, Karl-Heinz"]
[Result "1-0"]
[WhiteElo "2285"]
[BlackElo "2133"]
[PlyCount "58"]
[EventDate "2005.09.28"]

1. e4 e5 2. Nf3 f5 3. Nxe5 Nc6 4. Nxc6 dxc6 5. Nc3 Bc5 6. d3 Nf6 7. Be2 O-O 8.
O-O Ng4 9. Bxg4 fxg4 10. Be3 Bd6 11. d4 Qh4 12. e5 Be7 13. Qd2 Be6 14. Ne2 g5
15. Ng3 Rad8 16. Qe2 b5 17. b3 c5 18. dxc5 Bd5 19. Qxb5 c6 20. Qe2 Rf4 21. Bxf4
gxf4 22. Nf5 f3 23. Qe3 Qg5 24. Nh6+ Kg7 25. Qxg5+ Bxg5 26. Nxg4 fxg2 27. Rfd1
Re8 28. Nf6 Bxf6 29. exf6+ Kxf6 1-0

[Event "XV C.to Mondiale seniores"]
[Site "Lignano Sabbiadoro ITA"]
[Date "2005.09.30"]
[Round "3"]
[White "Rotelli, Pietro"]
[Black "Viner, Phillip J."]
[Result "0-1"]
[WhiteElo "2001"]
[BlackElo "2144"]
[PlyCount "82"]
[EventDate "2005.09.28"]

1. d4 e6 2. c4 Nf6 3. Nc3 Bb4 4. Bd2 O-O 5. Nf3 b6 6. e3 Bb7 7. Bd3 d6 8. Qc2
Nbd7 9. a3 Bxc3 10. Bxc3 Qe7 11. e4 e5 12. O-O Nh5 13. g3 f5 14. d5 f4 15. Be2
g6 16. Nd2 Bc8 17. g4 Ng7 18. f3 h5 19. Rf2 Nf6 20. g5 Ng4 21. fxg4 hxg4 22.
Nf3 Nh5 23. Nxe5 dxe5 24. Bb4 Qxg5 25. Bxf8 Kxf8 26. Rg2 Bd7 27. c5 f3 28. Bxf3
Qe3+ 29. Qf2 Qxf2+ 30. Rxf2 gxf3 31. Rxf3+ Nf4 32. cxb6 cxb6 33. Rxf4+ exf4 34.
e5 Ke7 35. Rc1 Rc8 36. Rc3 Rxc3 37. bxc3 Bb5 38. Kf2 Bc4 39. d6+ Ke6 40. h4 Bd5
41. Ke2 Bc6 0-1

[Event "XV C.to Mondiale seniores"]
[Site "Lignano Sabbiadoro ITA"]
[Date "2005.09.30"]
[Round "3"]
[White "Samarian, Cornel"]
[Black "Gutzeit, Avraham"]
[Result "0-1"]
[WhiteElo "1673"]
[BlackElo "2091"]
[PlyCount "50"]
[EventDate "2005.09.28"]

1. c4 e5 2. Nc3 Nf6 3. g3 c6 4. e4 Bb4 5. Nge2 O-O 6. Bg2 d6 7. O-O Be6 8. b3
Qc8 9. a3 Ba5 10. d3 Bh3 11. Bd2 Qg4 12. Nd5 cxd5 13. Bxa5 dxe4 14. dxe4 Bxg2
15. Kxg2 Qxe4+ 16. f3 Qc6 17. Ng1 Nbd7 18. Bb4 Nc5 19. Qc2 Rfe8 20. Bxc5 dxc5
21. Nh3 e4 22. fxe4 Rxe4 23. Kg1 Rae8 24. Rad1 Re2 25. Rd2 Qg2# 0-1

[Event "XV C.to Mondiale seniores"]
[Site "Lignano Sabbiadoro ITA"]
[Date "2005.09.30"]
[Round "3"]
[White "Shestoperov, Aleksej"]
[Black "Ginsberger, Alexander"]
[Result "1-0"]
[WhiteElo "2432"]
[BlackElo "2276"]
[PlyCount "93"]
[EventDate "2005.09.28"]

1. Nf3 Nf6 2. c4 g6 3. Nc3 Bg7 4. d4 O-O 5. Bg5 c5 6. d5 d6 7. e3 h6 8. Bh4 Qa5
9. Nd2 Re8 10. Be2 a6 11. O-O e6 12. Bg3 Qc7 13. a4 e5 14. a5 Nbd7 15. Qc2 Nh7
16. e4 Rf8 17. Nd1 f5 18. exf5 gxf5 19. f3 Ndf6 20. f4 exf4 21. Bxf4 Ng5 22.
Ne3 Nge4 23. Nxe4 fxe4 24. Bg3 Qe7 25. Rf4 Bd7 26. Raf1 Rae8 27. Kh1 Kh8 28.
Qb1 Bc8 29. b4 Qc7 30. Bh4 Nh7 31. Rxf8+ Rxf8 32. bxc5 Rxf1+ 33. Bxf1 Qxc5 34.
Qxe4 Bd7 35. Bd3 Nf8 36. Be7 Kg8 37. h3 Qa3 38. Nf1 Kf7 39. Bd8 Be5 40. Qf3+
Ke8 41. Bg6+ Nxg6 42. Qxa3 Kxd8 43. Qb4 Kc8 44. Nd2 Nf4 45. Ne4 Nd3 46. Nxd6+
Kd8 47. Nxb7+ 1-0

[Event "XV C.to Mondiale seniores"]
[Site "Lignano Sabbiadoro ITA"]
[Date "2005.09.30"]
[Round "3"]
[White "Siegmund, Rainer"]
[Black "Kaminik, Aleksandar"]
[Result "1-0"]
[WhiteElo "2128"]
[BlackElo "2278"]
[PlyCount "91"]
[EventDate "2005.09.28"]

1. d4 Nf6 2. c4 g6 3. Nc3 Bg7 4. e4 d6 5. Nf3 O-O 6. Be2 Bg4 7. Be3 Nfd7 8. Ng1
Bxe2 9. Ngxe2 c5 10. O-O Na6 11. Qd2 Nc7 12. b3 Rb8 13. a4 b6 14. Rab1 Qc8 15.
Bh6 Re8 16. Bxg7 Kxg7 17. d5 Na6 18. f4 Nb4 19. Kh1 a6 20. Ng1 Nf6 21. Rbe1 Qg4
22. Re3 Nh5 23. Nce2 Kg8 24. h3 Qd7 25. g4 Ng7 26. Nc3 e6 27. Kg2 exd5 28. cxd5
b5 29. axb5 axb5 30. Nf3 Ra8 31. e5 Ra3 32. Kg3 Rxb3 33. Ne4 Rxe3 34. Nf6+ Kh8
35. Nxd7 Rd3 36. Qe2 c4 37. Nf6 Ra8 38. e6 fxe6 39. dxe6 Nc6 40. e7 Nd4 41. Qe4
d5 42. Qxd3 cxd3 43. Nxd4 Ra4 44. Nxb5 Rb4 45. Nc7 d2 46. Rd1 1-0

[Event "XV C.to Mondiale seniores"]
[Site "Lignano Sabbiadoro ITA"]
[Date "2005.09.30"]
[Round "3"]
[White "Somogyi, Istvan"]
[Black "Loktiev, Ivan"]
[Result "0-1"]
[WhiteElo "2242"]
[BlackElo "2396"]
[PlyCount "74"]
[EventDate "2005.09.28"]

1. d4 Nf6 2. Nf3 b6 3. c4 e6 4. e3 Bb7 5. Bd3 Be7 6. Nc3 d5 7. O-O O-O 8. b3
Nbd7 9. Bb2 Ne4 10. Rc1 f5 11. Qc2 c6 12. Ne5 Nxe5 13. dxe5 Qe8 14. f3 Nc5 15.
Be2 Bg5 16. f4 Be7 17. cxd5 exd5 18. Bf3 Ne6 19. g3 Bc5 20. Qe2 a5 21. Rfd1 Ba6
22. Qe1 b5 23. Kh1 Qe7 24. Ne2 Bxe3 25. Rxc6 Bb7 26. Rxe6 Qxe6 27. Nc3 Bc5 28.
Nxb5 Qb6 29. Qe2 a4 30. Nd6 Bxd6 31. exd6 Qxd6 32. Qb5 Ra7 33. Be5 Qa6 34.
Bxd5+ Bxd5+ 35. Qxd5+ Raf7 36. b4 Qb7 37. a3 Rd8 0-1

[Event "XV C.to Mondiale seniores"]
[Site "Lignano Sabbiadoro ITA"]
[Date "2005.09.30"]
[Round "3"]
[White "Spassov, Liuben D."]
[Black "Zelkind, Eduard"]
[Result "1-0"]
[WhiteElo "2396"]
[BlackElo "2257"]
[PlyCount "71"]
[EventDate "2005.09.28"]

1. d4 Nf6 2. c4 g6 3. Nc3 Bg7 4. e4 d6 5. f3 O-O 6. Bg5 Nc6 7. Nge2 a6 8. Qd2
Re8 9. d5 Ne5 10. Ng3 c6 11. Rc1 Qc7 12. b3 Ned7 13. Be2 Nf8 14. O-O Bd7 15.
Kh1 Rad8 16. Bh6 Bh8 17. f4 Bc8 18. h3 N6d7 19. Qd3 Qa5 20. Qf3 Qc7 21. Bd3 Nf6
22. Bb1 N8d7 23. Rce1 Bg7 24. Bxg7 Kxg7 25. Re3 Rf8 26. Qe2 e5 27. dxe6 fxe6
28. e5 dxe5 29. fxe5 Ng8 30. Rd1 Rf7 31. Nce4 Nxe5 32. Rxd8 Qxd8 33. Qb2 Nf6
34. Qxe5 Qd1+ 35. Kh2 Qxb1 36. Nxf6 1-0

[Event "XV C.to Mondiale seniores"]
[Site "Lignano Sabbiadoro ITA"]
[Date "2005.09.30"]
[Round "3"]
[White "Thieme, Hans"]
[Black "Acunzo, Domenico"]
[Result "1-0"]
[WhiteElo "2091"]
[BlackElo "1828"]
[PlyCount "95"]
[EventDate "2005.09.28"]

1. Nf3 d5 2. d4 e6 3. e3 f5 4. c4 c6 5. Bd3 Nf6 6. O-O Bd6 7. b3 Qe7 8. Bb2 O-O
9. Qc1 Ne4 10. Ba3 Bd7 11. Bxd6 Qxd6 12. c5 Qe7 13. Ne5 Be8 14. Nd2 Bh5 15. b4
Nd7 16. Nxd7 Qxd7 17. f4 Rf6 18. a4 Raf8 19. Rb1 Rh6 20. Nf3 Qe7 21. Rb2 Kh8
22. b5 g5 23. bxc6 bxc6 24. Ne5 Be8 25. a5 gxf4 26. Rxf4 Nf6 27. a6 Ng4 28.
Nxg4 fxg4 29. Qf1 Rhf6 30. Rb7 Rxf4 31. exf4 Qf6 32. Qf2 Rf7 33. g3 Kg7 34. Qe3
h5 35. Kg2 Kf8 36. Kf2 Rd7 37. Ke2 Qe7 38. Rb8 Kf7 39. Qe5 Rd8 40. Rb7 Rd7 41.
Qxh5+ Kg7 42. Qh7+ Kf6 43. Qh6+ Kf7 44. Bg6+ Kg8 45. Rb8 Rd8 46. Rxd8 Qxd8 47.
Qh7+ Kf8 48. Qh8+ 1-0

[Event "XV C.to Mondiale seniores"]
[Site "Lignano Sabbiadoro ITA"]
[Date "2005.09.30"]
[Round "3"]
[White "Titz, Herbert"]
[Black "Barlo, Werner"]
[Result "1-0"]
[WhiteElo "2079"]
[BlackElo "1876"]
[PlyCount "91"]
[EventDate "2005.09.28"]

1. e4 c5 2. Nf3 Nc6 3. d4 cxd4 4. Nxd4 g6 5. c4 Bg7 6. Be3 Nf6 7. Nc3 Qa5 8.
Bd3 Ne5 9. h3 Nxd3+ 10. Qxd3 d6 11. O-O O-O 12. Rac1 Bd7 13. Rfd1 a6 14. b3
Rac8 15. Qd2 Rfe8 16. f3 Qd8 17. Qf2 Bc6 18. e5 Nd7 19. exd6 e6 20. Nxc6 Rxc6
21. Ne4 h6 22. b4 f5 23. Nc5 Nxc5 24. Bxc5 Qd7 25. b5 axb5 26. cxb5 Rcc8 27. a4
Ra8 28. Qc2 Rec8 29. Qb3 Kf7 30. Kf1 Be5 31. Qe3 Bg7 32. Bb4 Bf8 33. Qd2 Bg7
34. Rxc8 Rxc8 35. Rc1 Bf8 36. Rxc8 Qxc8 37. Kf2 Qd7 38. Qd4 Bg7 39. Qc5 Bf6 40.
Ba5 Bh4+ 41. g3 Bf6 42. Bc7 Ke8 43. Qb6 Qc8 44. a5 h5 45. a6 bxa6 46. bxa6 1-0

[Event "XV C.to Mondiale seniores"]
[Site "Lignano Sabbiadoro ITA"]
[Date "2005.09.30"]
[Round "3"]
[White "Van den Berg, Adrianus M.J."]
[Black "Hicker, Harald"]
[Result "1/2-1/2"]
[WhiteElo "2298"]
[BlackElo "2171"]
[PlyCount "100"]
[EventDate "2005.09.28"]

1. Nc3 d5 2. e4 dxe4 3. Nxe4 Nd7 4. Bc4 Ngf6 5. Bxf7+ Kxf7 6. Ng5+ Kg8 7. Ne6
Qe8 8. Nxc7 Qg6 9. Nxa8 Qxg2 10. Qf3 Qxf3 11. Nxf3 Ne8 12. a4 b6 13. a5 Bb7 14.
Ke2 Bxa8 15. axb6 Bxf3+ 16. Kxf3 axb6 17. d4 e5 18. Re1 e4+ 19. Rxe4 Nef6 20.
Re2 Kf7 21. Ra7 Bd6 22. h3 h6 23. c4 Rc8 24. b3 g5 25. Rea2 Kg6 26. R2a6 Kf5
27. Be3 h5 28. c5 g4+ 29. hxg4+ hxg4+ 30. Ke2 Bb8 31. Rb7 Bf4 32. Bxf4 Kxf4 33.
b4 Ke4 34. Raa7 Kxd4 35. Rxd7+ Nxd7 36. Rxd7+ Ke4 37. Re7+ Kf4 38. cxb6 Rc4 39.
b7 Rxb4 40. Kd3 Kf3 41. Rf7+ Kg2 42. Kc3 Rb1 43. Kc4 Rb2 44. Kc5 Rxb7 45. Rxb7
Kxf2 46. Kd4 g3 47. Rb2+ Kf3 48. Rb3+ Kf2 49. Ke4 g2 50. Rb2+ Kg3 1/2-1/2

[Event "XV C.to Mondiale seniores"]
[Site "Lignano Sabbiadoro ITA"]
[Date "2005.09.30"]
[Round "3"]
[White "Vasiukov, Evgeni A."]
[Black "Joksic, Sinisa"]
[Result "1-0"]
[WhiteElo "2495"]
[BlackElo "2282"]
[PlyCount "69"]
[EventDate "2005.09.28"]

1. e4 c5 2. Nf3 e6 3. c3 d5 4. exd5 exd5 5. d4 a6 6. Be2 Nc6 7. O-O Bd6 8. Be3
c4 9. b3 b5 10. a4 Rb8 11. axb5 axb5 12. bxc4 bxc4 13. Bg5 f6 14. Bh4 Nge7 15.
Bg3 O-O 16. Nfd2 Bxg3 17. hxg3 Bf5 18. g4 Bxb1 19. Nxb1 Ra8 20. Na3 Qd7 21. Re1
Na5 22. Nc2 Nb3 23. Rxa8 Rxa8 24. Bf3 Kf7 25. g5 Ng6 26. g3 Ne7 27. Kg2 Ra2 28.
gxf6 gxf6 29. Qb1 Ra5 30. Ne3 Ng6 31. Rh1 Kg8 32. Rh5 Ra1 33. Qc2 Rc1 34. Qa2
Ra1 35. Qb2 1-0

[Event "XV C.to Mondiale seniores"]
[Site "Lignano Sabbiadoro ITA"]
[Date "2005.09.30"]
[Round "3"]
[White "Villing, Dieter"]
[Black "Zilahi, Gabor"]
[Result "0-1"]
[WhiteElo "2259"]
[BlackElo "2117"]
[PlyCount "70"]
[EventDate "2005.09.28"]

1. e4 g6 2. d4 Bg7 3. Nc3 c6 4. Bc4 d6 5. Qe2 e6 6. Nf3 Nd7 7. Bg5 Qa5 8. O-O-O
b5 9. Bb3 Ba6 10. Qe1 b4 11. Ne2 Nb6 12. d5 c5 13. dxe6 c4 14. exf7+ Kxf7 15.
Kb1 cxb3 16. cxb3 Nf6 17. Ned4 Bb7 18. e5 Be4+ 19. Ka1 dxe5 20. Bxf6 Bxf6 21.
Qxe4 exd4 22. Qb7+ Kg8 23. Qc6 Rf8 24. Nxd4 Qd5 25. Rhe1 Qxc6 26. Nxc6 Rf7 27.
Nxb4 Kg7 28. a4 Rc8 29. a5 Nd7 30. Rc1 Rb8 31. Re4 Rb5 32. a6 Nc5 33. Rxc5 Rxc5
34. f3 h5 35. Re6 Re7 0-1

[Event "XV C.to Mondiale seniores"]
[Site "Lignano Sabbiadoro ITA"]
[Date "2005.09.30"]
[Round "3"]
[White "Weinberg, Emanuele"]
[Black "Gennari, Giuseppe"]
[Result "1-0"]
[WhiteElo "1927"]
[BlackElo "1619"]
[PlyCount "45"]
[EventDate "2005.09.28"]

1. d4 d5 2. c4 e6 3. Nf3 c5 4. Nc3 Nf6 5. Bg5 cxd4 6. Nxd4 dxc4 7. e3 Be7 8.
Bxc4 O-O 9. O-O a6 10. Qf3 Re8 11. Rfd1 Qc7 12. Bb3 e5 13. Nf5 Bxf5 14. Qxf5
Qc8 15. Qxe5 Nc6 16. Qf4 Nd8 17. Qf3 Ne6 18. Bh4 b5 19. Rac1 Nc5 20. Bxf6 Bxf6
21. Ne4 Rxe4 22. Rxc5 Qe8 23. Bd5 1-0

[Event "XV C.to Mondiale seniores"]
[Site "Lignano Sabbiadoro ITA"]
[Date "2005.09.30"]
[Round "3"]
[White "Weinwurm, Wolfgang"]
[Black "Hasberger, Walter"]
[Result "1-0"]
[WhiteElo "2127"]
[BlackElo "1975"]
[PlyCount "97"]
[EventDate "2005.09.28"]

1. e4 e6 2. d4 d5 3. Nc3 Bb4 4. e5 c5 5. a3 Bxc3+ 6. bxc3 Ne7 7. Nf3 Qa5 8. Bd2
Nbc6 9. h4 Bd7 10. h5 h6 11. a4 c4 12. Nh4 O-O-O 13. Rh3 Nf5 14. Nf3 Rhg8 15.
g4 Nfe7 16. Nh4 Rdf8 17. Rg3 f5 18. gxf5 Nxf5 19. Nxf5 exf5 20. Bh3 Be6 21. Rg6
Kd7 22. Qc1 Ne7 23. Qa3 Qc7 24. Rg1 g5 25. hxg6 Rxg6 26. Rxg6 Nxg6 27. Rb1 Rh8
28. Rb5 b6 29. a5 h5 30. axb6 axb6 31. Bg2 h4 32. Qb4 Kc6 33. Qa4 Kb7 34. Rxd5
Bxd5 35. Bxd5+ Kc8 36. Be6+ Kb7 37. Bxf5 Ne7 38. Be4+ Kc8 39. Bg5 Kd8 40. Qa8+
Qc8 41. Qxc8+ Kxc8 42. Bxe7 h3 43. Bf6 Rh5 44. d5 h2 45. Bh1 Rh6 46. f4 Rh3 47.
e6 Rg3 48. Kf2 Rg1 49. d6 1-0

[Event "XV C.to Mondiale seniores"]
[Site "Lignano Sabbiadoro ITA"]
[Date "2005.09.30"]
[Round "3"]
[White "Zelkind, Simeon"]
[Black "Cesati Cassin, Giorgio"]
[Result "1-0"]
[WhiteElo "1868"]
[BlackElo "1419"]
[PlyCount "93"]
[EventDate "2005.09.28"]

1. e4 c5 2. Nc3 Nc6 3. g3 g6 4. Bg2 Bg7 5. d3 e6 6. f4 Nge7 7. Nf3 O-O 8. O-O
d6 9. Be3 Nd4 10. Rb1 a5 11. Ne2 Nxf3+ 12. Bxf3 b6 13. Nc3 Ba6 14. Qd2 Rb8 15.
g4 f5 16. exf5 exf5 17. g5 Bb7 18. Qg2 d5 19. Bd2 Qd7 20. Rfe1 d4 21. Ne2 Bxf3
22. Qxf3 Qd5 23. Qxd5+ Nxd5 24. Kf2 Rfe8 25. Ng3 Rxe1 26. Rxe1 Kf8 27. a3 Ne3
28. c3 Re8 29. Bxe3 dxe3+ 30. Rxe3 Bh8 31. Rxe8+ Kxe8 32. a4 Kd7 33. Ke3 Kd6
34. h4 Bg7 35. h5 Bf8 36. hxg6 hxg6 37. Ne2 Kc6 38. c4 Bg7 39. Nc3 Bd4+ 40. Kd2
Bxc3+ 41. Kxc3 Kd6 42. d4 cxd4+ 43. Kxd4 Ke6 44. c5 bxc5+ 45. Kxc5 Ke7 46. Kb5
Kd6 47. Kxa5 1-0

[Event "XV C.to Mondiale seniores"]
[Site "Lignano Sabbiadoro ITA"]
[Date "2005.09.30"]
[Round "3"]
[White "Zhelesny, Stanislav"]
[Black "Kock, Hans-Uwe"]
[Result "1-0"]
[WhiteElo "2277"]
[BlackElo "2127"]
[PlyCount "69"]
[EventDate "2005.09.28"]

1. Nf3 Nf6 2. d4 g6 3. g3 Bg7 4. Bg2 d6 5. O-O O-O 6. c4 c6 7. Nc3 Nbd7 8. Qc2
e5 9. dxe5 dxe5 10. Bg5 Qc7 11. Rad1 Re8 12. Qc1 Nf8 13. Bxf6 Bxf6 14. Ne4 Bg7
15. Nd6 Re7 16. c5 Be6 17. b3 h6 18. Nh4 Rd7 19. f4 exf4 20. gxf4 Qd8 21. Nf3
Qe7 22. e4 Bg4 23. e5 g5 24. fxg5 hxg5 25. Rde1 Ne6 26. Qc4 Bxf3 27. Rxf3 Nf4
28. Nxf7 Rd5 29. Rxf4 gxf4 30. Nd6 Rf8 31. Bxd5+ cxd5 32. Qxd5+ Kh8 33. Qf3
Qg5+ 34. Kh1 Bxe5 35. Qh3+ 1-0